Value of UK private housing breaks £5 trillion (Record no. 84549)
[ view plain ]
| 000 -LEADER | |
|---|---|
| fixed length control field | 01117cab a22002295a 4500 |
| 001 - CONTROL NUMBER | |
| control field | L158295 |
| 008 - FIXED-LENGTH DATA ELEMENTS--GENERAL INFORMATION | |
| fixed length control field | 141128e20141124xxk 000 0 eng d |
| 035 ## - SYSTEM CONTROL NUMBER | |
| System control number | (Sirsi) u158295 |
| 041 0# - LANGUAGE CODE | |
| Language code of text/sound track or separate title | eng |
| 110 2# - MAIN ENTRY--CORPORATE NAME | |
| Corporate name or jurisdiction name as entry element | Halifax |
| 9 (RLIN) | 5942 |
| 245 00 - TITLE STATEMENT | |
| Title | Value of UK private housing breaks £5 trillion |
| 260 ## - PUBLICATION, DISTRIBUTION, ETC. | |
| Date of publication, distribution, etc. | 2014 |
| 490 ## - SERIES STATEMENT | |
| Series statement | Halifax Press Release |
| Volume/sequential designation | 22 November 2014 |
| 520 ## - SUMMARY, ETC. | |
| Summary, etc. | The value of UK's private housing stock in 2014 is estimated to be worth £5.06 trillion compared with £3.22 trillion in 2004; an increase of £1.83 trillion, or 57% between 2004 and 2014. 7.2 million households in England own their home outright and are mortgage free. Increase in private new build contributed to growth in value of the housing stock. Notes growth across all regions. |
| 590 ## - LOCAL NOTE (RLIN) | |
| Local note | KA |
| 650 24 - SUBJECT ADDED ENTRY--TOPICAL TERM | |
| Topical term or geographic name entry element | VALUE |
| 650 24 - SUBJECT ADDED ENTRY--TOPICAL TERM | |
| Topical term or geographic name entry element | HOUSING STOCK |
| 651 #4 - SUBJECT ADDED ENTRY--GEOGRAPHIC NAME | |
| Geographic name | United Kingdom |
| Chronological subdivision | |
| 690 ## - LOCAL SUBJECT ADDED ENTRY--TOPICAL TERM (OCLC, RLIN) | |
| Topical term or geographic name as entry element | Residential property |
| 9 (RLIN) | 6266 |
| 856 40 - ELECTRONIC LOCATION AND ACCESS | |
| Uniform Resource Identifier | <a href="https://www.lloydsbankinggroup.com/globalassets/media/press-releases/new-folder/141122-value-of-housing-2014-final.pdf">https://www.lloydsbankinggroup.com/globalassets/media/press-releases/new-folder/141122-value-of-housing-2014-final.pdf</a> |
| Public note | View this item free of charge at www.lloydsbankinggroup.com |
| 942 ## - ADDED ENTRY ELEMENTS (KOHA) | |
| Suppress in OPAC | 0 |
| Withdrawn status | Lost status | Source of classification or shelving scheme | Damaged status | Not for loan | Home library | Current library | Shelving location | Date acquired | Total Checkouts | Full call number | Barcode | Date last seen | Copy number | Price effective from | Koha item type |
|---|---|---|---|---|---|---|---|---|---|---|---|---|---|---|---|
| Dewey Decimal Classification | Virtual | Virtual | Online | 28/11/2014 | ONLINE PUBLICATION | 158295-2001 | 06/08/2019 | 1 | 06/08/2019 | Journal article |